000 01048nam a2200229 i 4500
001 104340
003 ES-MaACL
005 20250916063046.0
007 t|
008 051128s1919 sp d |||| | spa d
100 1 _aMiguel, Raimundo de,
_d1816-1878
_9242261
245 1 0 _aNuevo diccionario latino-español etimológico, escrito con presencia de las obras más notables en este género...
_b: seguido de un tratado de sinónimos y de un vocabulario español-latino /
_cpor D. Raimundo de Miguel y el Marqués de Morante.
260 _aMadrid :
_bSuc. de Rivadeneyra,
_c1919.
300 _aXXXIX, 997 p, 76 p., 256 p. ;
_c26 cm.
650 4 _aLengua latina-
_vDiccionarios-
_xEspañol.
_914295
650 4 _aLengua española-
_vDiccionarios-
_xLatín.
_914144
650 4 _aLengua latina-
_xSinónimos y antónimos-
_vDiccionarios.
_914305
700 1 _aGómez de la Cortina, Joaquín
_c, Marqués de Morante (
_d1805-1868)
_957894
852 4 _aES-MaACL
_jG-16153
_9108249
_cDEPO2
_dOlim: B-1824
942 _2udc
999 _c104340
_d104340